| 000 | 00731nam a22002297a 4500 | ||
|---|---|---|---|
| 999 |
_c11933 _d11933 |
||
| 001 | 11933 | ||
| 003 | BD-JhCC | ||
| 005 | 20201202085823.0 | ||
| 008 | 201202b19992012bg a|||| ||a| 000 0 mul d | ||
| 020 | _a9789848980286 | ||
| 035 | _a(BD-JhCC)11933 | ||
| 040 |
_aBD-JhCC _dBD-JhCC |
||
| 041 | _amul | ||
| 082 |
_a005.8 _bRAH 2012 |
||
| 100 | _aরহমান,মাবুবুর | ||
| 245 |
_aকমপিউটার ভাইরাস / _cমাবুবুর রহমান । |
||
| 260 |
_aঢাকা: _bসিসটেক পাবলিকেশন; _c২০১২. |
||
| 300 |
_a207 p. : _bill; _c22 cm. |
||
| 650 |
_aComputer programs _xComputer security _zComputer viruses |
||
| 942 |
_2ddc _cBK |
||